Statistics for Biggest Countries by Letter- #1

Click here to take the quiz!

General Stats

  • This quiz has been taken 20 times
  • The average score is 36 of 44

Answers on the Map

Answers color-coded by a green-red scale on the quiz's map according to % correct below.
 

Answer Stats

Answer% Correct
Algeria
100%
Australia
100%
Brazil
100%
Canada
100%
India
100%
Indonesia
100%
Japan
100%
Angola
93%
Argentina
93%
Chad
93%
China
93%
Democratic Republic of the Congo
93%
Denmark
93%
Ethiopia
93%
Finland
93%
France
93%
Germany
93%
Iran
93%
Chile
86%
Egypt
86%
Haiti
86%
Iraq
86%
Bolivia
79%
Dominican Republic
79%
Fiji
79%
Ghana
79%
Honduras
79%
Hungary
79%
Jordan
79%
Afghanistan
71%
Belarus
71%
Botswana
71%
Colombia
71%
Djibouti
71%
Italy
71%
Jamaica
71%
Dominica
64%
Ecuador
64%
Eritrea
64%
Estonia
57%
Gabon
57%
Guinea
57%
Guyana
57%
Burkina Faso
50%

Score Distribution

Percentile by Number Answered

Percent of People with Each Score

Your Score History

You have not taken this quiz